THE EFFECT OF HORMONES LRH-A DOSAGES TO SNAKESKIN GOURAMI (Trichogaster petoralis)INDUCED BREEDING. ឥទ្ធិពលកម្រិតដូសនៃអ័រម៉ូន LRH-A តៅលើការបង្កាត់ត្រីកន្ធរ (Record no. 22598)

000 -LEADER
fixed length control field 00624nam a22001337a 4500
040 ## - CATALOGING SOURCE
Transcribing agency RUA
082 ## - DEWEY DECIMAL CLASSIFICATION NUMBER
Classification number FIS SOR 2021 B473 Or.
100 ## - MAIN ENTRY--AUTHOR NAME
Personal name SORN KHEANN សន​ ឃាន់
245 ## - TITLE STATEMENT
Title THE EFFECT OF HORMONES LRH-A DOSAGES TO SNAKESKIN GOURAMI (Trichogaster petoralis)INDUCED BREEDING. ឥទ្ធិពលកម្រិតដូសនៃអ័រម៉ូន LRH-A តៅលើការបង្កាត់ត្រីកន្ធរ
260 ## - PUBLICATION, DISTRIBUTION, ETC. (IMPRINT)
Place of publication Phnom Penh
Name of publisher RUA
Year of publication 2021
300 ## - PHYSICAL DESCRIPTION
Number of Pages XII.38P
Other physical details IX.
Dimensions 29CM
856 ## - ELECTRONIC LOCATION AND ACCESS
Uniform Resource Identifier https://drive.google.com/file/d/1VMWM69rHaJWnFMR3lvhmzCcxlxH8tS4I/view?usp=sharing
942 ## - ADDED ENTRY ELEMENTS (KOHA)
Koha item type FIS
952 ## - LOCATION AND ITEM INFORMATION (KOHA)
Withdrawn status [LOCAL, KOHA] 0
952 ## - LOCATION AND ITEM INFORMATION (KOHA)
Withdrawn status [LOCAL, KOHA] 0
952 ## - LOCATION AND ITEM INFORMATION (KOHA)
Withdrawn status [LOCAL, KOHA] 0
952 ## - LOCATION AND ITEM INFORMATION (KOHA)
Withdrawn status [LOCAL, KOHA] 0
Holdings
Permanent Location Date acquired Koha item type Lost status Shelving location Barcode Current Location Full call number
Library Block B2024-03-18FIS B473a078501Library Block AFIS SOR 2021 B473 Or.
Library Block B2024-03-18FIS B473a078441Library Block BFIS SOR 2021 B473 Or.
Library Block B2024-03-18FIS B473a078621Library Block BFIS SOR 2021 B473 Or.
Library Block B2024-03-18FIS B473a078561Library Block BFIS SOR 2021 B473 Or.
មជ្ឈមណ្ឌលឯការនៃសាកលវិទ្យាល័យភូមិន្ទកសិកម្មចំការដូង

Powered by Koha